00563nam a2200193 a 450000500170000000800410001704000250005804100080008304400070009110000320009824500790013026000380020930000110024765000100025865000170026865000160028565000320030166200360033320180803164939.0140303b1995 ck |||||rm||| 00| 0 spa d aCO-BoIAVHcCO-BoIAVH aspa ack aGamboa Gaitan, Miguel Angel aContribución a la flora de los Farallones de Cali, vereda Pico de Aguila aCalibUniversidad del Vallec1995 a316 p. aFlora aVegetación aInventarios aDescripciones taxonómicas aColombiadCalibValle del Cauca